[Event "Las Americas Team op U2400 Hybrid"]
[Site "Internet"]
[Date "2022.05.14"]
[Round "1.8"]
[White "Oropeza Brito, David Arturo"]
[Black "Escobar Villota, Domenika Gabriela"]
[Result "0-1"]
[WhiteElo "1731"]
[BlackElo "1425"]
[PlyCount "80"]
[EventDate "2022.05.14"]
[EventType "team-swiss"]
[EventRounds "5"]
[EventCountry "VEN"]
[SourceTitle "EXT 2023"]
[Source "ChessBase"]
[SourceDate "2022.10.05"]
[SourceVersion "1"]
[SourceVersionDate "2022.10.05"]
[SourceQuality "1"]

1. d4 d5 2. c4 e6 3. Nc3 Nf6 4. cxd5 exd5 5. Bg5 Be6 6. e3 Nbd7 7. Bd3 h6 8. Bh4 c6 9. Nf3 Bd6 10. Qc2 Qc7 11. Rb1 0-0 12. 0-0 Rfe8 13. Rfc1 Rac8 14. b4 Bg4 15. Qe2 Ne4 16. Nxd5 Bxh2+ 17. Kh1 Bxf3 18. Qxf3 Qd6 19. Bxe4 cxd5 20. Bxd5 Rxc1+ 21. Rxc1 Rf8 22. g3 g5 23. Bxg5 Bxg3 24. Be7 Qxe7 25. Qxg3+ Kh8 26. Rc2 Rg8 27. Qh3 Qg5 28. Bg2 Nf6 29. Rc5 Qg6 30. Rc8 Ng4 31. Rxg8+ Kxg8 32. Kg1 h5 33. Qg3 Qb1+ 34. Bf1 Kh7 35. Kg2 Qe1 36. Bd3+ Kg7 37. Qf4 f6 38. Qf5 Kf8 39. d5 Qd2 40. d6 Nxe3+ 0-1